Statistiche per Indipendenza da chi?

Clicka qui per fare il quiz!

Statistiche generali

  • Questo quiz è stato fatto 406 volte
  • Il punteggio medio è 16 su 24

Statistiche sulle risposte

AnnoPaeseIndipendenza da% Corretto
1776Stati UnitiRegno Unito
98%
1810MessicoSpagna
97%
1822BrasilePortogallo
96%
1962AlgeriaFrancia
94%
1991EstoniaUnione Sovietica
81%
1810ArgentinaSpagna
79%
1911MongoliaCina
78%
1991CroaziaIugoslavia
76%
1960Rep. Dem. del CongoBelgio
73%
1822GreciaImpero Ottomano
73%
2011Sud SudanSudan
73%
1905NorvegiaSvezia
72%
1944IslandaDanimarca
68%
1960NigeriaRegno Unito
64%
1962GiamaicaRegno Unito
63%
1993EritreaEtiopia
59%
1945IndonesiaPaesi Bassi
56%
2002Timor EstIndonesia
54%
1965SingaporeMalesia
53%
1975Papua Nuova GuineaAustralia
46%
1971BangladeshPakistan
46%
1903PanamaColombia
43%
1946FilippineStati Uniti
42%
1962SamoaNuova Zelanda
36%

Distribuzione punteggi

Percentile per numero di risposta

Percentuale di utenti per punteggio

I tuoi punteggi nel tempo

Non hai fatto questo quiz